000 00276nam a2200121Ia 4500
008 190216s9999||||xx |||||||||||||| ||und||
100 _aWilczyn Ski J
245 0 _aEconomics Of Socialism
260 _bS Chand & Co
_c1982
300 _a232p
650 _aEconomics
942 _cBK
999 _c9803
_d9803